Bệnh ký sinh trùng Bài giảng
.
Đã lưu trong:
| Tác giả chính: | |
|---|---|
| Định dạng: | Sách |
| Năm xuất bản: |
Đồng hới
Trường đại học Quảng Bình
2008
|
| Chủ đề: | |
| Tags: |
Thêm thẻ
Không có thẻ, Hãy là người đầu tiên gắn thẻ bản ghi này!
|
| LEADER | 00667nam a2200193 4500 | ||
|---|---|---|---|
| 999 | |c 14052 |d 14052 | ||
| 082 | |a 636.089 |b NG527TH | ||
| 100 | |a Nguyễn Thị Thanh thùy | ||
| 245 | |a Bệnh ký sinh trùng |b Bài giảng |c Nguyễn Thị Thanh Thùy | ||
| 260 | |a Đồng hới |b Trường đại học Quảng Bình |c 2008 | ||
| 300 | |a 108tr. |c 30cm | ||
| 520 | |a . | ||
| 653 | |a Nông nghiệp | ||
| 653 | |a Chăn nuôi | ||
| 653 | |a Bệnh ký sinh trùng | ||
| 653 | |a vật nuôi | ||
| 653 | |a bài giảng | ||
| 942 | |2 ddc |c TC | ||
| 952 | |0 0 |1 0 |2 ddc |4 0 |6 636_089000000000000_NG527TH |7 0 |8 600 |9 110978 |a qbu |b qbu |c D1 |d 2017-06-16 |o 636.089 NG527TH |p BG193.C1 |r 2017-06-16 |w 2017-06-16 |y TC | ||